000 00718nam a2200229 4500
003 OSt
005 20240629015825.0
006 a
008 240629b |||||||| |||| 00| 0 eng d
020 _a9780470585900
040 _aDWCL-Main lib.
_cOC
082 _aCirc. 371.203 L186i 2011
100 _aLaine, Sabrina
245 _aImproving teacher quality : a guide for education leaders /
260 _aSan Francisco, Calif. :
_bJossey-Bass,
_cc2011.
300 _ax,
_b164 p. : ill. ;
_c24 cm.
504 _aIncludes bibliographical references & index.
650 _a1. Teachers effectiveness.
650 _a2. Teachers-Rating of.
650 _a3. Performance standards.
942 _2ddc
_n0
_cBK-CIRC
_kCirc.
999 _c1631
_d1631